000 00949nam a22002535i 4500
001 10727
003 ES-MaACL
005 20240605062958.0
007 t|
008 001122s19941996sp ||||0| spa j
020 _a84-8164-004-2
040 _aM-BN
_bspa
_cM-BN
080 _a081 Aranguren, José Luis L.
100 1 _aAranguren, José Luis L.,
_d1909-1996
_922315
245 1 0 _aObras completas /
_cJosé Luis L. Aranguren ; edición a cargo de Feliciano Blázquez.
260 _aMadrid :
_bTrotta,
_c[1994-1996]
300 _a6 v. :
_b1 retr ;
_c23 cm.
500 _aIndice.
504 _aBibliografía.
505 8 _a1. Filosofía y religión -- 2. Etica -- 3. Etica y sociedad-- 4. Moral, sociología y política I -- 5. Moral, sociología y política II -- 6. Estudios literarios y autobiográficos
700 1 _aBlázquez, Feliciano.
_929438
852 _aES-MaACL
_jL-24207-12
_bR.122956
999 _c10727
_d10727